<?xml version="1.0" encoding="UTF-8"?>
<collection xmlns="http://www.loc.gov/MARC21/slim">
 <record>
  <leader>01471nam a22002177a 4500</leader>
  <controlfield tag="001">NCT_28572</controlfield>
  <controlfield tag="008">180411b        xxu||||| |||| 00| 0 vie d</controlfield>
  <datafield tag="999" ind1=" " ind2=" ">
   <subfield code="c">1372</subfield>
   <subfield code="d">1372</subfield>
  </datafield>
  <datafield tag="020" ind1=" " ind2=" ">
   <subfield code="a">9786049036590</subfield>
   <subfield code="c">430000</subfield>
  </datafield>
  <datafield tag="082" ind1="0" ind2="4">
   <subfield code="2">23rd ed.</subfield>
   <subfield code="a">615.882</subfield>
   <subfield code="b">Ng566</subfield>
  </datafield>
  <datafield tag="100" ind1="1" ind2=" ">
   <subfield code="a">Lê Quý Ngưu</subfield>
  </datafield>
  <datafield tag="245" ind1="1" ind2="0">
   <subfield code="a">Từ điển huyệt vị châm cứu</subfield>
   <subfield code="c">Lê Quý Ngưu</subfield>
  </datafield>
  <datafield tag="250" ind1=" " ind2=" ">
   <subfield code="a">Tái bản lần thứ ba</subfield>
  </datafield>
  <datafield tag="260" ind1=" " ind2=" ">
   <subfield code="a">Huế</subfield>
   <subfield code="b">Thuận Hóa</subfield>
   <subfield code="c">2016</subfield>
  </datafield>
  <datafield tag="300" ind1=" " ind2=" ">
   <subfield code="a">1150tr.</subfield>
   <subfield code="b">minh họa</subfield>
   <subfield code="c">28cm</subfield>
  </datafield>
  <datafield tag="500" ind1=" " ind2=" ">
   <subfield code="a">Bảng mục lục tra huyệt vị: tr1091-tr1117 Bảng mục lục theo A,B,C: tr1129-tr1150</subfield>
  </datafield>
  <datafield tag="520" ind1=" " ind2=" ">
   <subfield code="a">Trong mấy mươi năm gần đây, khoa châm cứu được phát triển mạnh ở nhiều nước trên thế giới. Ở trong nước, nhiều người cũng đã quan tâm tìm hiểu ngành khoa học cổ điển đầy hấp dẫn này. Từ Điển Huyệt Vị Châm Cứu là một cuốn sách quý, rất bổ ích và cần thiết cho sinh viên y khoa và những lương y châm cứu. Sách được biên soạn công phu, có nhiều hình ảnh minh họa, bìa cứng</subfield>
  </datafield>
  <datafield tag="653" ind1=" " ind2=" ">
   <subfield code="a">Y đa khoa</subfield>
  </datafield>
  <datafield tag="942" ind1=" " ind2=" ">
   <subfield code="2">ddc</subfield>
   <subfield code="c">BK</subfield>
  </datafield>
  <datafield tag="952" ind1=" " ind2=" ">
   <subfield code="0">0</subfield>
   <subfield code="1">0</subfield>
   <subfield code="2">ddc</subfield>
   <subfield code="4">0</subfield>
   <subfield code="6">615_882000000000000_NG566</subfield>
   <subfield code="7">0</subfield>
   <subfield code="9">6769</subfield>
   <subfield code="a">000001</subfield>
   <subfield code="b">000001</subfield>
   <subfield code="d">2018-04-11</subfield>
   <subfield code="o">615.882 Ng566</subfield>
   <subfield code="p">MD.10788</subfield>
   <subfield code="r">2018-04-11</subfield>
   <subfield code="v">430000.00</subfield>
   <subfield code="w">2018-04-11</subfield>
   <subfield code="y">BK</subfield>
  </datafield>
  <datafield tag="980" ind1=" " ind2=" ">
   <subfield code="a">Thư viện Trường Đại học Nam Cần Thơ</subfield>
  </datafield>
 </record>
</collection>
